Southville International School and Colleges
Your cart is empty.
  • Cart
  • Lists
    Public lists Eva Luna New books Lux_list list_1
    Your lists Log in to create your own lists
  • Log in to your account
  • Your cookies
  • Search history
Southville International School and Colleges
  • Advanced search
  • Recent comments
  • Most popular
  • Libraries

Log in to your account

Log in with GOOGLE


If you do not have an external account, but do have a local account, you can still log in:

  1. Home
  2. MARC view: Pieces and players /
Normal view MARC view ISBD view

Pieces and players / (Record no. 344411)

[ view plain ]
MARC details
000 -LEADER
fixed length control field 00919nam a22002177a 4500
003 - CONTROL NUMBER IDENTIFIER
control field SISC
005 - DATE AND TIME OF LATEST TRANSACTION
control field 20170927102459.0
008 - FIXED-LENGTH DATA ELEMENTS--GENERAL INFORMATION
fixed length control field 170927b xxu||||| |||| 00| 0 eng d
020 ## - INTERNATIONAL STANDARD BOOK NUMBER
International Standard Book Number 9780545299916
050 ## - LIBRARY OF CONGRESS CALL NUMBER
Classification number PZ 7
Item number .B2128Pie 2016
100 ## - MAIN ENTRY--PERSONAL NAME
Personal name Balliett, Blue
Relator term Author
245 ## - TITLE STATEMENT
Title Pieces and players /
Statement of responsibility, etc Blue Balliett
260 ## - PUBLICATION, DISTRIBUTION, ETC. (IMPRINT)
Place of publication, distribution, etc New York :
Name of publisher, distributor, etc Scholastic, Inc.,
Date of publication, distribution, etc 2016.
300 ## - PHYSICAL DESCRIPTION
Extent 306 pages :
Other physical details illustrations ;
Dimensions 20 cm.
520 ## - SUMMARY, ETC.
Summary, etc "When 13 high-value pieces of art are stolen from a secret museum, Calder, Petra and Tommy are grouped with two new companions to solve puzzles that are complicated by the clever Mrs. Sharpe." (Source: WorldCat)
650 ## - SUBJECT ADDED ENTRY--TOPICAL TERM
Source of heading or term Library of Congress Subject Headings
Topical term or geographic name as entry element Art
General subdivision Juvenile fiction
650 ## - SUBJECT ADDED ENTRY--TOPICAL TERM
Source of heading or term Library of Congress Subject Headings
Topical term or geographic name as entry element Museums
General subdivision Juvenile fiction
650 ## - SUBJECT ADDED ENTRY--TOPICAL TERM
Source of heading or term Library of Congress Subject Headings
Topical term or geographic name as entry element Art
General subdivision Fiction
942 ## - ADDED ENTRY ELEMENTS (KOHA)
Source of classification or shelving scheme Library of Congress Classification
Koha item type Books
Holdings
Withdrawn status Lost status Source of classification or shelving scheme Damaged status Home library Current library Shelving location Date acquired Source of acquisition Sub Shelving location Total Checkouts Total Renewals Full call number Barcode Date last seen Date checked out Price effective from Koha item type
    Library of Congress Classification   Luxembourg Library Luxembourg Library Fiction Section 09/27/2017 Library Fund   2 2 PZ 7 .B2128Pie 2016 20461 06/05/2020 02/28/2020 09/27/2017 Books

Pieces and players /

APA

Balliett B., . (2016). Pieces and players. New York: Scholastic, Inc.

Chicago

Balliett Blue, . 2016. Pieces and players. New York: Scholastic, Inc.

Harvard

Balliett B., . (2016). Pieces and players. New York: Scholastic, Inc.

MLA

Balliett Blue, . Pieces and players. New York: Scholastic, Inc. 2016.

  • Place hold
  • Print
  • Cite
  • Add to your cart (remove)
  • Save record
    BIBTEX Dublin Core MARCXML MARC (non-Unicode/MARC-8) MARC (Unicode/UTF-8) MARC (Unicode/UTF-8, Standard) MODS (XML) RIS
  • More searches
    Search for this title in:
    Other Libraries (WorldCat) Other Databases (Google Scholar) Online Stores (Bookfinder.com) Open Library (openlibrary.org)

Exporting to Dublin Core...

SOUTHVILLE LIBRARY

Southville International School and Colleges Library

1281 Tropical Ave. Cor. Luxembourg St., BF Homes International, Las Pinas City

Tel. No. 8256374 / 252358 Loc. 117/146

Powered by Koha